Python Algorithms : Mastering basic algorithms in the python language

Python Algorithms explains the Python approach to algorithm analysis and design. Written by Magnus Lie Hetland, author of Beginning Python, this book is sharply focused on classical algorithms, but it also gives a solid understanding of fundamental algorithmic problem-solving techniques. The book de...

Ful tanımlama

Kaydedildi:
Detaylı Bibliyografya
Yazar: Hetland, Magnus Lie
Materyal Türü: Kitap
Dil:Undetermined
Baskı/Yayın Bilgisi: New York Apress 2014
Konular:
Etiketler: Etiketle
Etiket eklenmemiş, İlk siz ekleyin!
Thư viện lưu trữ: Trung tâm Học liệu Trường Đại học Cần Thơ
LEADER 01725nam a2200217Ia 4500
001 CTU_224027
008 210402s9999 xx 000 0 und d
020 |c 1898000 
082 |a 005.133 
082 |b H589 
100 |a Hetland, Magnus Lie 
245 0 |a Python Algorithms : 
245 0 |b Mastering basic algorithms in the python language 
245 0 |c Magnus Lei Hetland 
260 |a New York 
260 |b Apress 
260 |c 2014 
520 |a Python Algorithms explains the Python approach to algorithm analysis and design. Written by Magnus Lie Hetland, author of Beginning Python, this book is sharply focused on classical algorithms, but it also gives a solid understanding of fundamental algorithmic problem-solving techniques. The book deals with some of the most important and challenging areas of programming and computer science, but in a highly pedagogic and readable manner. The book covers both algorithmic theory and programming practice, demonstrating how theory is reflected in real Python programs. Well-known algorithms and data structures that are built into the Python language are explained, and the user is shown how to implement and evaluate others himself. 
650 |a Python (Ngôn ngữ lập trình máy tính),Thuật toán máy tính,Python (Computer program language),Computer algorithms,Computer algorithms,Computer algorithms,Computer algorithms,Computer algorithms,Computer algorithms,Computer algorithms,Computer algorithms,Computer algorithms,Computer algorithms,Computer algorithms,Computer algorithms,Computer algorithms,Computer algorithms,Computer algorithms,Computer algorithms 
910 |b vdbang 
980 |a Trung tâm Học liệu Trường Đại học Cần Thơ